L'Italia coloniale (Record no. 1272)

MARC details
000 -LEADER
campo de control de longitud fija 00674nas a22002291i#4500
001 - NÚMERO DE CONTROL
campo de control 1272
003 - IDENTIFICADOR DE NÚMERO DE CONTROL
campo de control ES-MaACL
005 - FECHA Y HORA DE LA ÚLTIMA TRANSACCIÓN
campo de control 20250814224215.0
008 - DATOS DE LONGITUD FIJA--INFORMACIÓN GENERAL
campo de control de longitud fija 950801d19001904it m| | 1 ||ta d
022 ## - NÚMERO INTERNACIONAL NORMALIZADO PARA PUBLICACIONES SERIADAS
Número Internacional Normalizado para Publicaciones Seriadas 1592-2502
080 ## - NÚMERO DE LA CLASIFICACIÓN DECIMAL UNIVERSAL
Número de la Clasificación Decimal Universal 45
245 02 - MENCIÓN DEL TÍTULO
Título L'Italia coloniale
Resto del título : rivista mensile /
Mención de responsabilidad, etc. dir. Giacomo Gobbi-Beleredi.
260 ## - PUBLICACIÓN, DISTRIBUCIÓN, ETC.
Lugar de publicación, distribución, etc. Roma :
Nombre del editor, distribuidor, etc. [s.n.],
Fecha de publicación, distribución, etc. 1900-1904 (
Fabricante Tip. Cooperativa Sociale)
300 ## - DESCRIPCIÓN FÍSICA
Extensión 1 v ;
Dimensiones 29 cm.
310 ## - PERIODICIDAD ACTUAL
Periodicidad actual Mensual
362 0# - FECHAS DE PUBLICACIÓN Y/O DESIGNACIÓN SECUENCIAL
Fecha de publicación y/o designación secuencial Año I (jul. 1900)-1904.
650 17 - PUNTO DE ACCESO ADICIONAL DE MATERIA--TÉRMINO DE MATERIA
Término de materia o nombre geográfico como elemento de entrada Ciencias sociales
Fuente del encabezamiento o término embne
9 (RLIN) 10988
700 1# - ENTRADA AGREGADA--NOMBRE PERSONAL
Nombre de persona Gobbi-Beleredi, Giacomo,
Término indicativo de función/relación
9 (RLIN) 194147
852 ## - LOCALIZACIÓN
Ubicación ES-MaACL
Número de control de estantería T-1098-F-11
866 #1 - MENCIÓN TEXTUAL DE FONDOS--UNIDAD BIBLIOGRÁFICA BÁSICA
Fondos (1900).
Holdings
Estatus retirado Estado de pérdida Fuente del sistema de clasificación o colocación Estado de daño No para préstamo Colección Biblioteca de origen Biblioteca actual Ubicación en estantería Fecha de adquisición Total de préstamos Signatura topográfica completa Código de barras Visto por última vez Precio de reemplazo Tipo de ítem Koha
    Clasificación decimal universal     Colección de folletos Biblioteca del Ateneo de Madrid Biblioteca del Ateneo de Madrid Depósito folletos 17/01/2008   T-1098-F-11 1001300 23/02/2023 23/02/2023 Folleto